Stare flagi państw - Statystyki

Ogólne statystyki
  • Ten quiz został rozwiązany 30 razy
  • Średni wynik to 3 z 11
Statystyki odpowiedzi
Obrazkowy Hint Odpowiedź % Poprawnych
1959–2017 Mauretania
74%
1827–1847 Liberia
61%
1844–1861 Dominikana
57%
1992–1998 Bośnia i Hercegowina
52%
1940–1945 Mongolia
30%
1826–1851 Boliwia
22%
1958–1960 Togo
13%
1970–1991 Kongo
9%
1975–1992 Republika Zielonego Przylądka
4%
1812–1814 Chile
0%
1967–1974 Grenada
0%
Nie znaleziono quizów pasujących do podanych kryteriów
Rozkład punktacji
Procent ludzi z każdym wynikiem
Percentyl według liczby udzielonych odpowiedzi
Twoja historia wyników
Nie rozwiązałeś tego quizu